British Birds by Picture - Owls - Statistics

General Stats
  • This quiz has been taken 33 times
  • The average score is 7 of 9
Answer Stats
Picture Hint Answer % Correct
Tyto alba Western Barn Owl
100%
Bubo scandiacus Snowy Owl
95%
Asio otus Long-Eared Owl
86%
Strix aluco Tawny Owl
86%
Asio flammeus Short-Eared Owl
81%
Athene noctua Little Owl
76%
Surnia ulula Northern Hawk-Owl
57%
Aegolius funereus Boreal Owl
52%
Otus scops Eurasian Scops Owl
52%
No matching quizzes found
Score Distribution
Percent of People with Each Score
Percentile by Number Answered
Your Score History
You have not taken this quiz